000 00465nmm a2200169Ia 4500
008 251105s9999||||xx |||||||||||||||||und||
020 _a9788418104459
041 _aspa
100 _aPont Nesta, Xavier
245 0 _aL'hivern
264 _a[Madrid, España] :
_bLantia,
_c[Fecha de publicación no identificada]
300 _a0 páginas
490 _aCaligrama
650 _aRomance
856 _uhttps://public.digitaliapublishing.com/a/120260
942 _cCF
999 _c79550
_d79550